LEADER 01239nam a2200301 u 4500 001 000000081086 003 CaOOAMICUS 005 20070226123722.0 008 050314s2004 sp u000 u spa u 020 $a8481696277 035 $a11033954 040 $aPUL$bita 041 1 $aspa$harc 100 1 $aRibera Florit, Josep.$0(OLS)http://pul/name/36423 245 10$aTargum de Ezequiel :$bintroducción, traducción crítica y notas /$cJosep Ribera Florit. 260 $aEstella :$bEditorial Verbo Divino,$c2004. 300 $a266 p. ;$c24 cm 490 1 $aBiblioteca midrásica ;$v27 500 $aContiene indici. 504 $aBibliografia in nota. 630 04$aBiblia.$pV.T.$pEzechiel.$0(OLS)http://pul/subject/14845 830 0$aBiblioteca midrásica ;$v27.$0(OLS)http://pul/title/67978 850 $aPUL 852 $aPUL$W1$xSL Religione 1$y3$m1(2) B 34.27$j103485$nBK-PRI$qStampati$B103485$CPULBib$Z2$F103485 $HPUL97217 $82 941 1 $a8 996 $6020$a8481696277$9(OLS)http://pul/number/107376 996 $6245$aTargum de Ezequiel :$bintroducción, traducción crítica y notas$9(OLS)http://pul/title/106099 996 $6260$aEstella :$bEditorial Verbo Divino$9(OLS)http://pul/publisher/58087 LEADER 01467nam a2200313 u 4500 001 000000050382 003 CaOOAMICUS 005 20070226115221.0 008 000801s1989 it u000 u ita u 035 $a10853366 040 $aPUL(R)$bita 100 1 $aSimian-Yofre, Horacio.$0(OLS)http://pul/name/24342 245 10$aStudi sul profeta Isaia /$cHoracio Simian-Yofre, S.J. 260 $aRoma :$bEditrice Pontificio Istituto Biblico,$c1989. 300 $a2 v. ;$c24 cm 500 $a"Dispense ad uso degli studenti PIB e della PUG". 500 $aIn testa al front.: Pontificio Istituto Biblico. 505 0 $aParte prima: Isaia Capp. 1-4. -- Parte seconda: Isaia Capp. 6-8. 630 04$aBiblia.$pV.T.$pIsaias.$0(OLS)http://pul/subject/17254 710 2 $aPontificio istituto biblico.$0(OLS)http://pul/name/471 850 $aPUL 852 $aPUL$W1$xDP1 Fondo Ciprotti$y59$m1534 C 11-12$j66803$nBK-PRI$b $qFondi$B66803$CPULBib$Z2$F66803 $H $81 852 $aPUL$W1$xDP1 Fondo Ciprotti$y59$m1534 C 11-12$j66803$nBK-PRI$b $qFondi$B66804$CPULBib$Z2$F66804 $H $81 910 $aPontificium institutm biblicum$9471 941 1 $a1 961 $aINV: 0517; 0518. Fondo Ciprotti 961 $aINV: 0517; 0518. Fondo Ciprotti 996 $6245$aStudi sul profeta Isaia$9(OLS)http://pul/title/67798 996 $6260$aRoma :$bEditrice Pontificio Istituto Biblico$9(OLS)http://pul/publisher/48108